000 00316nam a22001337a 4500
008 170822b xxu||||| |||| 00| 0 eng d
020 _a3540531688
041 _aeng
080 _a51
100 _a38
101 _aMAT
245 _aCOMPLEX AELIAN VARITIES AND THETA FUNCTIONS
_cKEMPT.G.R
942 _2udc
_cBK
999 _c24568
_d24568